000 01108 a2200217 4500
001 120531
020 _a9781407136301
040 _cEscola Canadense de Niteroi
090 _aKUE
100 _aKuenzler, Lou
245 1 0 _aPrincess DisGrace: third term at tall towers
300 _a229 p.
_c7 x 0.63 x 7.99 inches (paperback)
362 0 _a2015
490 0 _aPrincess Disgrace
520 _aIt is summer and Clumsy Princess Grace is back at Tall Towers Academy for her third term. As the sun shines bright on Coronet Island, Grace is desperate to leap into the beautiful shell-shaped pool for swimming lessons - with real mermaids. But her best friend Scarlet is no so sure. She is terrified of the water and begins to act very strangely. As Grace follows her to the beach one moonlit night, an enchanted mermaid mystery begins to unravel. With the help of dolphins, jewels and secrets from long ago, can Grace protect her friend and save a mermaid too?
650 4 _aJuvenile Literature
650 4 _aHumorous stories
650 4 _aKingdoms
650 4 _a Princesses and Princes
942 _cBK
999 _c120531
_d120531